| 000 | 01061nas a2200337 4500 | ||
|---|---|---|---|
| 001 | BR0601584 | ||
| 003 | BR-BrBNA | ||
| 005 | 20231205105934.0 | ||
| 007 | ta | ||
| 008 | 230509b bl.|||p| |||| 00| 00por d | ||
| 040 |
_aBR-BrBNA _bpor _cBiblioteca Nacional de Agricultura |
||
| 041 | _a(Pt) | ||
| 072 | _aQ03 | ||
| 100 | 1 | _aValente, A.M. | |
| 100 | 1 | _aDuarte, M.C.K.H. | |
| 100 | 1 | _aFranco, R.M. | |
| 100 | 1 | _aMesquita, E. de F.M. de | |
| 100 | 1 | _aOliveira, L.A.T. de | |
| 100 | 1 | _aCarvalho, J.C.A. do P. | |
| 100 | 1 | _aFreitas, M.Q. de | |
| 100 | 1 | _aJesus, E.F.O. de | |
| 245 | 1 | _aEnumeração de Enterococcus e sua identificação presuntiva em mexilhões [Perna perna (Linnaeus, 1758)] irradiados com doses de 3, 5 e 7 kGy. | |
| 650 | _aMEXILHÃO | ||
| 650 | _aIRRADIAÇÃO | ||
| 650 | _aBACTÉRIA | ||
| 650 | _aCONTAMINAÇÃO | ||
| 650 | _aRIO DE JANEIRO | ||
| 773 | 0 |
_tHigiene Alimentar (Brazil) _xISSN 0101-9171 _g(Jan-Feb 2006), v. 20(138) p. 86-91 _wBR0601584 |
|
| 909 |
_a202311 _bLúcia _c55 _dLúcia Elande |
||
| 942 |
_2AGRIS _n0 _cANA |
||
| 999 |
_c185448 _d185448 |
||